| 000 | 00721nam a2200181 a 4500 | ||
|---|---|---|---|
| 005 | 20140412111325.0 | ||
| 008 | 000822s19uu xx 00 eng d | ||
| 020 | _a0-590-21174-9 | ||
| 050 |
_aTR(PS E _bEm7 1994 |
||
| 100 | _aPerlman, Janet | ||
| 245 |
_aEmperor Penguin's New Clothes (The) / _cJanet Perlman. |
||
| 260 |
_aNew York : _bScholatic Inc, _c1994. |
||
| 300 | _a1 v. (unp.) ; ill. | ||
| 520 | _aWhat's black and white and proud as a peacock? The Emperor Penguin, the best dressed bird in the land! But pride won't save the Emperor from a pair of clever scoundrels, as they reveal the naked truth about the foolis ruler. | ||
| 650 | _aPride--Fiction | ||
| 650 | _aFoolishness--Fiction | ||
| 999 |
_c104553 _d104553 |
||